elke NBA mvp - Statistieken

Algemene statistieken
  • Deze quiz is 35 keer genomen
    21 sinds de laatste reset
  • De gemiddelde score is 41 van 68
Antwoordstatistieken
Hint Antwoord % Correct
1998 Michael Jordan
100%
1996 Michael Jordan
100%
1992 Michael Jordan
100%
1991 Michael Jordan
100%
1988 Michael Jordan
100%
2016 Stephen Curry
100%
2015 Stephen Curry
100%
2013 Lebron James
93%
2012 Lebron James
93%
2010 Lebron James
93%
2009 Lebron James
93%
2022 Nikola Jokić
93%
2021 Nikola Jokić
93%
2014 Kevin Durant
86%
2018 James Harden
79%
1999 Karl Malone
79%
1997 Karl Malone
79%
2008 Kobe Bryant
79%
2001 Allen Iverson
71%
2011 Derrick Rose
71%
2023 Joel Embiid
71%
1980 Kareem Abdul-Jabbar
71%
1977 Kareem Abdul-Jabbar
71%
1976 Kareem Abdul-Jabbar
71%
1974 Kareem Abdul-Jabbar
71%
1972 Kareem Abdul-Jabbar
71%
1971 Kareem Abdul-Jabbar
71%
1983 Moses Malone
71%
1982 Moses Malone
71%
1979 Moses Malone
71%
2017 Russell Westbrook
71%
2006 Steve Nash
71%
2005 Steve Nash
71%
2003 Tim Duncan
71%
2002 Tim Duncan
71%
1990 Magic Johnson
64%
1989 Magic Johnson
64%
1987 Magic Johnson
64%
2000 Shaquille O'Neal
64%
2007 Dirk Nowitzki
57%
1986 Larry Bird
57%
1985 Larry Bird
57%
1984 Larry Bird
57%
2004 Kevin Garnett
50%
1993 Charles Barkley
43%
1994 Hakeem Olajuwon
43%
1968 Wilt Chamberlain
43%
1967 Wilt Chamberlain
43%
1966 Wilt Chamberlain
43%
1960 Wilt Chamberlain
43%
1965 Bill Russell
36%
1963 Bill Russell
36%
1962 Bill Russell
36%
1961 Bill Russell
36%
1958 Bill Russell
36%
1978 Bill Walton
36%
2020 Giannis Antetokounmpo
36%
2019 Giannis Antetokounmpo
36%
1957 Bob Cousy
29%
1995 David Robinson
29%
1959 Bob Pettit
21%
1956 Bob Pettit
21%
1981 Julius Erving
21%
1975 Bob Mcadoo
14%
1973 Dave Cowens
7%
1964 Oscar Robertson
7%
1969 Wes Unseld
7%
1970 Willis Reed
7%
Geen overeenkomende quizzen gevonden
Scoreverdeling
Procent van Mensen met Elke Score
Percentiel versus Aantal Correcte Antwoorden
Uw Scoregeschiedenis
U heeft deze quiz nog niet genomen sinds de laatste reset